000 00533nam a2200205Ia 4500
008 240509s9999 xx 000 0 und d
020 _a9781605253220
041 _aEng
082 _a006.3
082 _bR51
100 _aROSS,LARRY;FARDO,STEPHEN W. (et-al)
245 0 _aLaboratory Manual Robotics:Theory and Industrial Applications
250 _a2nd ed.
260 _bUSA:The Goodheart-Willcox Company Inc
260 _c2011
300 _a156 p.
650 _aArtificial Intelligence
942 _2ddc
942 _cRBK
999 _c22461
_d22461
945 _a1
_bMadushi Gamage
_c1
_dMadushi Gamage